KOHA-Header-6

The All-India Muslim League, 1906-1947 (Record no. 1723)

000 -LEADER
fixed length control field 00321nam a2200121Ia 4500
008 - FIXED-LENGTH DATA ELEMENTS--GENERAL INFORMATION
fixed length control field 190723s9999 xx 000 0 und d
020 ## - INTERNATIONAL STANDARD BOOK NUMBER
International Standard Book Number 978-0-19-906014-6
100 ## - MAIN ENTRY--PERSONAL NAME
Personal name Mary Louise Becker
245 #4 - TITLE STATEMENT
Title The All-India Muslim League, 1906-1947
260 ## - PUBLICATION, DISTRIBUTION, ETC. (IMPRINT)
Place of publication, distribution, etc New York
Name of publisher, distributor, etc Oxford Uni Press
Date of publication, distribution, etc 2013
300 ## - PHYSICAL DESCRIPTION
Extent 295.:p
942 ## - ADDED ENTRY ELEMENTS (KOHA)
Koha item type Books
Holdings
Withdrawn status Lost status Damaged status Not for loan Collection code Permanent Location Current Location Shelving location Date acquired Total Checkouts Total Renewals Full call number Barcode Date last seen Date checked out Price effective from Koha item type
        Jinnah Corner MAJU MAJU   2020-12-05 2 1 297.092 8346 2024-06-04 2024-05-27 2019-07-23 Jinnah Corner

Powered by Koha